| 000 | 06144 a2200385 4500 | ||
|---|---|---|---|
| 003 | OSt | ||
| 005 | 20180116192342.0 | ||
| 008 | 120529t xxu||||| |||| 00| 0 eng d | ||
| 010 | _a 2010284766 | ||
| 020 | _a1933045256 (pbk.) | ||
| 020 | _a9781933045252 (pbk.) | ||
| 035 | _a(OCoLC)ocm70224032 | ||
| 040 | _c0 | ||
| 082 | 0 | 4 | _a363.5 |
| 245 | 0 | 0 |
_aDesign like you give a damn : _barchitectural responses to humanitarian crises / _cedited by Architecture for Humanity. |
| 260 |
_aNew York, NY : _bMetropolis Books, _cc2006. |
||
| 300 |
_a333 p. : _bcol. ill. ; _c22 cm. |
||
| 505 | 0 | _aIntroduction : I hope it's a long list-- / Cameron Sinclair -- 100 years of humanitarian design / Kate Stohr -- Lightweight emergency tent / Office of the United Nations High Commissioner for Refugees -- Shelter frame kit / World Shelters ; interview, Bruce LeBel -- GripClips / Shelter Systems -- BOLD / CHF International -- Global Village Shelters / Ferrara Design -- Burning Man Shelter tests : Podville / Icosa Village ; Hexayurt / Vinay Gupta ; Unofficial Strong Angel training exercises / Strong Angel -- Concrete canvas / Peter Brewis, William Crawford -- 139 Shelter / Future Systems -- Transitional Community / Oxfam -- Paper church ; Paper log houses ; Paper tube emergency shelter / Shigeru Ban Architects -- Super adobe / Cal-Earth ; interview, Nader Khalili -- Pallet house / I-Beam Design -- Rubble house / LA Architects -- Low-tech balloon system / TechnoCraft -- Extreme housing / Deborah Gans, Matt Jelacic -- Prefabricated core housing ; Core housing / Relief International -- Safe(R) House / Harvard, MIT -- Housing in northern Afghanistan / Shelter for Life -- Mobile migrant worker housing ; Pink houses with greenhouses / Design Corps -- Maasai Integrated Shelter Project / Intermediate Technology Development Group -- Lucy House ; 20.0 House / Rural Studio -- Hopi Nation Elder Home / Red Feather Development Group -- Bayview Rural Village / RBGC Architecture, Research & Urbanism ; interview, Maurice D. Cox -- Quinta Monroy Housing Project / ELEMENTAL Housing Initiative, Taller de Chile -- Northern Ireland Cross-Community Initiative / Habitat for Humanity, Northern Ireland -- Sistema Arde / Hierve-Diseñeria -- Huts and low-riders / Mad Housers -- Dome Village / Justiceville, USA -- First Step Housing / Common Ground Community -- paraSITE / Michael Rakowitz -- Mason's Bend Chapel / Rural Studio -- Appirampattu Village Center / Logan Allen -- Barefoot College / Barefoot Architects -- Homeboy Industries / Detroit Collaborative Design Center -- Center for Disabled Workers / Technical University, Vienna -- Siyathemba Soccer "clinic" / Swee Hong Ng -- Favela-Bairro Projects / Jorge Mario JaÌuregui Architects -- Rufisque Women's Centre / Hollmẽn Reuter Sandman Architects -- Shelter 2 / Christopher Livingston, Montana State University -- Mobile health clinic / atelier [gilliland tolila] -- Africa Centre for Health and Population Studies / East Coast Architects -- Medwed Clinic / Michal Vital, Yuval Amir -- Gando Primary School / DieÌbeÌdo Francis KeÌreÌ -- Bamboo Primary School / theskyisbeautiful architecture -- Druk White Lotus School / Arup Associates -- School solar kitchen / BASIC Initiative, College of Architecture and Urban Planning, University of Washington -- Hole-in-the-Wall Schools / Dr. Sugata Mitra -- A bridge too far / Chinese University of Hong Kong -- Hippo Water Roller / Grant Gibbs -- PlayPump / Roundabout Outdoor ; interview, Trevor Field -- Ceramic water filter / Potters for Peace -- Watercone / Stephan Augustin -- MoneyMaker Pumps / KickStart -- Long-lasting antimalaria bed nets / Acumen Fund, Sumitomo Chemical Corp. -- Aquacube / Süd-Chemie -- Clean Hub System / Shelter Architecture -- Power Shade / FTL Design Engineering Studio -- Seba Dalkai School solar classroom / Native American Photovoltaics -- Himalayan Rescue Association Pheriche Clinic / Lotus Energy -- VIP latrine / Arup Associates -- Living Machine / BASIC Initiative, College of Architecture and Urban Planning, University of Washington -- Ecological dry toilet / Cësar Añorve -- UnBathroom / William Hsu -- shelterproject / shelterproject.org -- Sphere Project / Steering Committee for Humanitarian Response, InterAction -- Roots of Peace / Heidi Kühn, Gary Kühn, Kyleigh Kühn -- European Greenbelt / World Conservation Union -- A civilian occupation : the politics of Israeli architecture / Rafi Segal, Eyal Weizman -- Sleeping Bag Project / Project Locus -- Housing for health / Paul Pholeros, Stephan Rainow, Paul Torzillo -- Viewing platforms ; Stair to park / Heavy Trash -- Finding public space in the margins / Center for Community Research and Design, Woodbury University -- City without a ghetto / Center for Urban Pedagogy -- Shrinking Cities / Shrinking Cities -- Urban acupuncture / Curitiba, Brazil. | |
| 520 | _a" Edited by architecture for Humanity, a volunteer-based organization that provides architectural solutions to humanitarian crises, Design Like You Give a Damm brings the best of humanitarian design to the printed page. Proceeds from the sale of this book will support the work of Architecture for Humanity." From the bookjacket. | ||
| 650 | 0 |
_aEmergency housing _xDesign and construction. _92516 |
|
| 650 | 0 |
_aBuildings, Temporary _xDesign and construction. _92517 |
|
| 650 | 0 |
_aDisaster victims _xDwellings. _92518 |
|
| 650 | 0 |
_aSustainable architecture. _92519 |
|
| 650 | 0 |
_aArchitecture and society. _92520 |
|
| 650 | 0 |
_aArquitectura y sociedad. _92521 |
|
| 650 | 0 |
_aVivienda en situacioÌn de emergencia _xDiseño y construccioÌn. _92522 |
|
| 650 | 0 |
_aEdificios temporales _xDiseño y construccioÌn. _92523 |
|
| 650 | 0 |
_aVictimas de desastres _xViviendas. _92524 |
|
| 650 | 0 |
_aArchitecture et socieÌteÌ. _92525 |
|
| 650 | 0 |
_aLogement de secours _xConception et construction. _92526 |
|
| 650 | 0 |
_aVictimes de catastrophes _xHabitations. _92527 |
|
| 710 | 2 |
_aArchitecture for Humanity (Organization) _92528 |
|
| 942 |
_aSADA _cBK _k363.5 DES 2006 _2ddc |
||
| 999 |
_c352703 _d352703 |
||